• 首页
  • 本馆介绍
  • 公告通知
  • 最新文献
  • 馆藏检索
  • 电子资源
  • 读者导购
  • 参考咨询
  • 我的图书馆
  • 登录
  • 详细信息显示
  • 放入我的书架
  • 预约/预借图书
  • 作者相关作品
  • 分类相关作品
  • 丛书相关作品
  • 出版社相关作品

书目信息

  • 表格格式
  • 工作单格式
  • 卡片格式
题名:
中国邮政编码大全
    
 
作者: ;邮电部邮政总局 主编
分册: 第一卷   党政机关卷
出版信息: 北京   人民邮电出版社  1989.5
页数: 485页
开本: 26cm
丛书名:
单 册:
中图分类: F614 , F614-62
科图分类:
主题词: 编码-邮政--中国--手册 , 国家行政机关--邮政--编码--中国--手册 , 邮政-编码--中国--手册
电子资源:
ISBN: 7-115-04039-7
000 00916nam0 2200265 45
001 0189009411
005 20061030150349.54
010    @a7-115-04039-7@dCNY16.00
020    @aCN@b89009411
100    @a19901121d1989 m y0chiy0120 ea
101 0  @achi
102    @aCN@b110000
105    @ay g 000yy
200 10 @a中国邮政编码大全@Azhong guo you zheng bian ma da quan@h第一卷@i党政机关卷@Idang zheng ji guan juan@h上@f邮电部邮政总局主编@Fyou dian bu you zheng zong ju zhu bian
210    @a北京@c人民邮电出版社@d1989.5
215    @a485页@d26cm
540 1  @a中国 邮政编码@Azhong guo you zheng bian ma
606    @a编码-邮政@y中国@x手册
606    @a国家行政机关@x邮政@x编码@y中国@x手册
606    @a邮政-编码@y中国@x手册
690    @aF614@v1980
690    @aF614-62@v3
711 02 @a邮电部邮政总局@Ayou dian bu you zheng zong ju@4主编
801  0 @aCN@bTSSF@c20061030
905    @a10447@dF614-62@e1:1(1)
    
    中国邮政编码大全.第一卷.党政机关卷.上/邮电部邮政总局主编.-北京:人民邮电出版社,1989.5
    485页;26cm
    
    
    ISBN 7-115-04039-7:CNY16.00
    
●
相关链接 在E读中查询图书 在五车中查询图书 在当当中查询图书 在豆瓣中查询图书


正题名:中国邮政编码大全     索取号:F614-62/1:1(1)         预约/预借

序号 登录号 条形码 馆藏地/架位号 状态 备注
1 0228233   002058579   第一样本阅览室/ [索取号:F614-62/1:1(1)] 在馆    
唐山师范学院图书馆 欢迎您!
大连网信软件有限公司© 版权所有